| 000 | 00638nam a2200217 a 4500 | ||
|---|---|---|---|
| 008 | |||
| 020 | _a0435454056 (pbk.) | ||
| 049 | _aMAIN | ||
| 090 | _aQA76.65 | ||
| 100 | 1 | _aHolmes, Abe. | |
| 245 | 1 | 0 |
_aLearning to use Visual Basic : _bfor standard grade computing / _cAbe Holmes. |
| 260 |
_aOxford : _bHeinemann Educational, _c2003. |
||
| 300 |
_a201 p. : _bill. ; _c27 cm. |
||
| 500 | _aIncludes CD-ROM. | ||
| 650 | _aVisual Basic (Computer file). | ||
| 907 |
_a.b1013315x _b09-07-09 _c17-08-04 |
||
| 003 | |||
| 005 | 20230123133810.0 | ||
| 040 | _cNUST | ||
| 942 |
_cBOOKS _kQA76.65 |
||
| 999 |
_c154817 _d154817 |
||